000 01175nam a2200253Ia 4500
999 _c56076
_d56076
001 23176
003 GE_BSU
005 20230713110238.0
008 181216s1981||||ge |||||||||||||| ||geo||
040 _cGE_BSU
041 _ageo
080 _a821.112.2-31 ჰ-86
100 _aჰოფმანი, ე.თ.ა.
_919295
245 _aკატა მურის ცხოვრებისეული ფილოსოფია :
_bრომანი /
_cგერმ. თარგმნა ნ. გოგოლაშვილმა ; რედ. მ. კალანდარიშვილი.
264 _aთბილისი :
_bნაკადული,
_c1981.
300 _a539გვ. :
_bილ. ;
_c21 სმ.
500 _aშენიშვნები :გვ. 526-538
541 _h8 ლ.
653 _aკატა მურის ცხოვრებისეული ფილოსოფია
653 _aრომანი
700 _aგოგოლაშვილი, ნ.
_eმთარგმნელი
_916212
700 _aკალანდარიშვილი, მ.
_eრედაქტორი
_919296
942 _cBK
_2udc